00669nam a2200181 a 450000100100000000500170001000800410002702000150006804000250008310000400010824500740014826000390022230000280026150000210028950000550031095201050036599900170047000004384720201002045013.0140507s2001 sp ac 001 0 spa d a8408040669 aDO-SdBNPbspacBNPHU1 aEspaña, Ramón de,d1956-97170913aLa caja de las sorpresas :buna historia personal de la televisión. aEspaña :bPlaneta Visual,c2001. a184 p. :bil. ;c29 cm. aIncluye índice aIncluye datos biográficos del autor en la solapa 001050718MOaGRbGRcCTd2014-05-07iLF1l0o p43847-10r2020-06-25w2020-06-25y1ZNo se presta c43336d43336